000 00431nam a2200169Ia 4500
005 20250923144546.0
008 008 250917s9999 xx 000 0 eng d
037 _aReports
040 _aDSWL
_beng
_cDSWL
041 _aeng
_2eng
084 _qDSWL
245 0 _aDelhi poor house manual
_cby Ministry of Health
260 _aCalcutta
_bIndia Press
_c1955
300 _a56 p.
942 _cREP
999 _c1440481
_d1440481